| 000 | 00951nam a22003017a 4500 | ||
|---|---|---|---|
| 001 | 0007784 | ||
| 003 | KOHA_MİRAKIL | ||
| 005 | 20260207001610.0 | ||
| 007 | ta | ||
| 008 | 091005b1977 tu |||gr||||#||||0|tur | | ||
| 020 | _c0,01 | ||
| 040 |
_aTR-BiSEU _btur _cTR-BiSEU _erda |
||
| 041 | 0 | _atur | |
| 044 | _ctu | ||
| 050 |
_aHF5681 _b.B45 1977 |
||
| 100 | 1 | _aBektöre, Sabri. | |
| 245 | 1 |
_aMali tablolar analizi/ _cSabri Bektöre ; Sabri Bektöre. |
|
| 264 | 1 |
_aEskişehir : _bEskişehir İktisadi ve Ticari İlimler Akademisi _c1977 |
|
| 300 | _aXV, 161 sayfa | ||
| 336 |
_ametin _btxt _2rdacontent |
||
| 337 |
_aaracısız _bn _2rdamedia |
||
| 338 |
_acilt _bnc _2rdacarrier |
||
| 490 | 1 |
_aEskişehir İktisadi ve Ticari İlimler Akademisi yayınları ; _v176. |
|
| 500 | _aKaynakça var. | ||
| 650 | 0 |
_aMali tablolar. _96446 |
|
| 830 | 1 |
_aEskişehir İktisadi ve Ticari İlimler Akademisi yayınları ; _v176. _918521 |
|
| 942 |
_2lcc _cBK |
||
| 999 |
_c7761 _d7761 |
||